[Event "RUS-ch 68th"]
[Site "Chita"]
[Date "2015.08.14"]
[Round "6"]
[White "Dubov, Daniil"]
[Black "Jakovenko, Dmitrij"]
[Result "0-1"]
[WhiteElo "2654"]
[BlackElo "2759"]
[Annotator "Sagar Shah/Mokal,A"]
[PlyCount "96"]
[EventDate "2015.08.09"]
[EventType "tourn"]
[EventRounds "11"]
[EventCountry "RUS"]
[EventCategory "18"]
[SourceTitle "CBM 168"]
[Source "ChessBase"]
[SourceDate "2015.09.14"]
[SourceVersion "1"]
[SourceVersionDate "2015.09.14"]
[SourceQuality "1"]

1. d4 Nf6 2. c4 e6 3. Nf3 b6 4. g3 Ba6 5. Qc2 c5 6. Bg2 (6. d5 {is the much
more combative move which initiates a very theoretical pawn sacrifice. Dubov
plays a safer continuation but one which is supposed to give Black quite a
safe theoretical equality.}) 6... Nc6 7. dxc5 bxc5 (7... Bxc5 {is the other
option.} 8. O-O Rc8 9. Qa4 Bb7 10. Nc3 O-O 11. Bf4 {with an interesting
position.}) 8. O-O Be7 9. e4 Rc8 $6 (9... e5 $5 {Though this move looks
positionally suspect, it gives Black excellent chances as his knight is the
first one to get to d4.} 10. Qa4 (10. Nc3 Bxc4 $15) 10... Bb7 11. Nc3 O-O 12.
Re1 d6 13. Bg5 Nd4 $15) 10. e5 $1 Ng4 11. Qe4 (11. Qe2 $1 f6 12. exf6 Bxf6 (
12... Nxf6 13. Nc3 Nd4 14. Nxd4 cxd4 15. Nb5 $14) 13. Bf4 O-O 14. Nc3 (14. h3
Nh6 15. Bxh6 gxh6 16. Nc3 Qe7 $15 {Black who has two active bishops has
absolutely no problems.}) 14... Nh6 15. Bxh6 gxh6 16. Ne4 $14) 11... f5 12.
exf6 Nxf6 13. Qe2 {Effectively White has lost a tempo as he went Qc2-e4-e2.}
O-O 14. Nbd2 Bb7 $11 {Black has absolutely no problems in the opening.} 15. b3
a5 16. Bb2 Qb6 (16... Rc7 {with the idea of Qa8 came into consideration.}) 17.
Rab1 Qa7 18. a3 Qa8 19. Rfe1 a4 20. bxa4 Nd4 (20... Qxa4 $2 21. Bxf6 Bxf6 22.
Rxb7 $18) 21. Qd3 Nxf3+ $6 (21... Bd8 $1 {with the idea of re-routing the
bishop to a5 is pretty strong.} 22. Bxd4 cxd4 23. Qxd4 Bc6 $44 {Black has
excellent compensation.}) 22. Bxf3 {This lets White get a comfortable position.
} Bxf3 23. Nxf3 Qxa4 24. Rbd1 Qc6 25. Ng5 g6 26. h4 $1 (26. Bxf6 Bxf6 {and the
d7-pawn cannot be taken just yet as the g5-knight is hanging.}) 26... Rcd8 27.
Qc3 Rb8 28. Ba1 (28. h5 $5 {As the knight cannot move, this move is pretty
strong.} gxh5 29. Ba1 $40) 28... Qb7 29. Rd3 h6 {White gets a winning position
now.} 30. Rf3 $1 hxg5 31. hxg5 {The knight cannot move because of mate on h8.}
Bd8 32. gxf6 Kf7 33. Rd1 $6 (33. Qd3 Qc6 34. g4 Rh8 35. Rh3 $18) 33... Rh8 (
33... d6 $1 {The idea is to go ...Rh8 when Black has excellent counterplay.}
34. Rxd6 $4 Qb1+ $1 35. Kg2 Rh8 $1 $19) 34. Qd3 d5 35. Be5 ({Another way to
get an advantage is to play} 35. cxd5 exd5 (35... Qxd5 36. Kg2 Qxd3 37. Rfxd3
$18) 36. Re1 $18 {The black king is just too exposed for Black to have any
realistic chances of defending this position.}) 35... Rc8 36. cxd5 exd5 37. Rf4
(37. Qxd5+ $1 {Sometimes when attacking it is difficult to transpose into an
endgame. But here it would have been a trivial win after} Qxd5 38. Rxd5 Rh5 39.
g4 Rg5 40. Re3 Rxg4+ 41. Kf1 $18 {Rd7+ is going to be a bone crusher and there
is no good way to prevent it.}) 37... g5 38. Rg4 (38. Rb1 $1 Qc6 (38... Qxb1+
39. Qxb1 gxf4 40. Qf5 fxg3 41. Qd7+ Kg6 42. Qg7+ Kf5 43. Qxh8 $18) 39. Rg4 d4 (
39... Bxf6 40. Qf5 Qe6 41. Rb7+ $18) 40. f3) 38... d4 $1 39. Qc4+ $2 (39. f3 $1
{was a nice little way to avert all the difficulties. The point is that ...Qb2
looks very threatening now but can be met with a very strong defensive move.}
Qb2 $5 40. Rh4 $3 gxh4 41. Qc4+ Kg6 42. Qe6 $1 {f7 is a huge threat now.} Qc2
43. Qg4+ Kf7 44. Qd7+ Kg6 45. Qg7+ Kf5 46. Re1 $1 $18 {This entire variation
was not at all easy to see.}) 39... Kg6 40. Qd3+ Kf7 41. Re4 (41. f3 $1 $18)
41... Bxf6 (41... Qd5 $1) 42. Bxf6 (42. Qf3 Qc6 43. Rde1 $18) 42... Kxf6 43.
Qf3+ Kg7 44. Qf5 Rh5 {White holds the advantage here. But have a look at the
position. The rook on e4 cannot move as a mate is threatened on h1. The black
king is completely exposed on g7. In such positions the value of each move is
extremely high and there are high chances that even a natural move can turn
out to be a mistake.} 45. Rde1 $2 {Played just after 49 seconds of thought.
This natural move is a mistake which throws away all the advantage that White
had.} (45. Qe5+ $1 {is the correct move. The idea is to first place the queen
on the e-file and then bring the rook to e1. In this way Re8 would not be
possible.} Kg8 (45... Kg6 46. Qd6+ Kf7 47. Rde1 $18 {is just crushing.}) (45...
Kh7 46. Rde1 $18) 46. Qe6+ Kg7 47. Rde1 {Once the rooks have doubled on the
e-file, the black king has no defence.} d3 (47... Rch8 48. Qe5+ Kg6 49. Qd6+
Kf7 50. Re7+ $18) 48. Qg4 d2 49. Re7+ Qxe7 50. Rxe7+ Kf8 51. Qxh5 $18) (45. g4
{This move looks pretty natural but has the drawback of allowing the rook to
come to e8.} Re8 $1 46. gxh5 Qxe4 {All endgames are simply worse for White.
But if he doesn't exchange the queens what should he do? Qg4 picking up the d1
rook is a huge threat. Here White has a hidden resource which is both deep and
beautiful.} 47. h6+ $3 {This is not just a spite check. The idea is to block
the h-file.} (47. Qxg5+ Kh7 {only helps Black as ...Rg8 is coming up next.} 48.
f3 Qe6 49. Qg6+ Qxg6+ 50. hxg6+ Kxg6 $17 {Black has excellent winning chances
in the endgame.}) (47. Qxc5 {loses now because of} Qg4+ 48. Kh2 Qxh5+ 49. Kg2
Qg4+ 50. Kh2 Rh8# {Maybe after seeing this variation you can appreciate the
value of the move 47.h6!!}) 47... Kxh6 48. Qxc5 $1 (48. Qf6+ Kh5 $19) 48...
Qg4+ 49. Kh2 Qxd1 50. Qc6+ $11 {White wins back the rook and the game ends in
a draw. I just wanted to show that seeing 0.00 on your computer screens is
sometimes very misleading. The only way to maintain that equality is by making
loads of accurate moves, not an easy task when your clock is ticking.}) 45...
Re8 $1 {Jakovenko takes his opportunity and pins down the rook.} 46. Kg2 {
It seems highly counter-intuitive to place your rook in a pin. But White would
like to play Qf3.} (46. f3 Rxe4 47. fxe4 Qb2 48. Qd7+ Kg6 49. Qe6+ $11 {
with a perpetual check would have been the easier way to make a draw.}) 46...
d3 {I was watching the live game at this point and I decided to take five
minutes on the clock and tried to guess the move for White. I came up with the
same losing move that Dubov played in the game. There was just one narrow path
to achieving the half point which was not at all easy but it did exist.} 47.
Qf3 $2 (47. f3 $3 {This brilliant move is the only way to draw the game. The
two exclamation marks are for seeing that ...Qb2+ is not a win for Black but a
super draw for White.} Qb2+ (47... d2 48. Rd1 Reh8 49. Qe5+ $11) (47... Rxe4
48. fxe4 $11) 48. R1e2 $3 Qxe2+ (48... dxe2 49. Qd7+ Kh6 50. Qc6+ $11) 49. Rxe2
Rxe2+ 50. Kg1 d2 (50... c4 51. Qd7+ Kf6 52. Qd6+ Re6 53. Qf8+ $11) 51. Qd7+ Kf6
52. Qd6+ $11 {What a brilliant defence! This was extremely difficult to see
during the game with your time ticking down.}) (47. Kg1 d2 $19) (47. g4 d2 48.
gxh5 dxe1=N+ $19) 47... d2 $1 48. Qc3+ (48. Rxe8 dxe1=N+ $1 {A nice little
underpromotion which ends the game!} 49. Rxe1 Rh2+ $1 $19) 48... Kg8 {White
has one more check on c4 but after ...Kh7 he would be just lost. Quite a
heartbreaking loss for Dubov as he was better for the major part of the game.
But Jakovenko was alert for the tactics and never gave up! That's why he
emerged victorious in the end.} 0-1

[Event "Beersheba-St Petersburg"]
[Site "Beersheba"]
[Date "1998.03.03"]
[Round "1"]
[White "Sakaev, Konstantin"]
[Black "Greenfeld, Alon"]
[Result "1-0"]
[WhiteElo "2620"]
[BlackElo "2530"]
[Annotator "Sakaev,K"]
[PlyCount "79"]
[EventDate "1998.03.03"]
[EventType "schev"]
[EventRounds "12"]
[EventCountry "ISR"]
[SourceTitle "CBM 064"]
[Source "ChessBase"]
[SourceDate "1998.06.02"]
[SourceVersion "1"]
[SourceVersionDate "1998.06.02"]
[SourceQuality "1"]
[WhiteTeam "St Petersburg"]
[BlackTeam "Beer Sheva"]
[WhiteTeamCountry "RUS"]
[BlackTeamCountry "ISR"]

1. d4 Nf6 2. Nf3 e6 3. c4 b6 4. g3 Ba6 5. b3 Bb4+ 6. Bd2 Be7 7. Nc3 O-O 8. e4
d5 9. cxd5 Bxf1 10. Kxf1 exd5 11. e5 Ne4 12. Kg2 Nxc3 $6 13. Bxc3 Nc6 14. Qd3
$1 (14. Qc2 Qd7 15. Bd2 Nd8 16. Rac1 c5 $11) 14... Qd7 15. Rad1 (15. h4 f5 $1
$11) 15... Nd8 16. h4 $1 $14 h6 (16... Ne6 17. Ng5 $16 Bxg5 $140 18. hxg5 Nxg5
19. Bd2 Ne4 20. f3 $18) 17. Nh2 f5 (17... Ne6 18. f4 f5 19. exf6 Rxf6 20. f5
Nd8 21. Rhf1 $16) 18. exf6 Bxf6 19. Qg6 $1 (19. f3 h5 $1 $11) 19... Qf7 20. h5
Qxg6 (20... Be7 21. Qxf7+ (21. Ng4 $5 Qf3+ 22. Kh3 Qxc3 23. Nxh6+ Kh8 $13)
21... Nxf7 22. Ng4 $16) 21. hxg6 Nc6 22. Ng4 $16 Rae8 $2 (22... Ne7 $2 23. Bb4
$18) (22... a5 $1 23. Bb2 a4 $1 24. Rc1 Ne7 25. Rxc7 (25. Ba3 c5) 25... Nxg6
26. b4 $16) 23. Ne3 Re4 (23... Bg5 24. Nxd5 Re2 25. Be1 $1 (25. Nxc7 Rfxf2+ 26.
Kh3 Rf3 $16) 25... Rxa2 26. Nxc7 $16) 24. Nxd5 Bxd4 25. Bxd4 Nxd4 26. Rhe1 $1
$18 (26. Nxc7 Nf3 $1 $44) 26... Rxe1 27. Rxe1 c6 28. Ne7+ Kh8 29. Re4 c5 30.
Nd5 Nc6 31. f4 Rc8 32. f5 Kg8 33. Re7 $1 Rd8 34. f6 $1 Nxe7 35. fxe7 Re8 36.
Kf3 b5 37. Ke4 c4 38. bxc4 bxc4 39. Kd4 Rc8 40. Kc3 1-0

[Event "Hoogovens"]
[Site "Wijk aan Zee"]
[Date "1998.01.24"]
[Round "7"]
[White "Salov, Valery"]
[Black "Karpov, Anatoly"]
[Result "1-0"]
[WhiteElo "2680"]
[BlackElo "2735"]
[Annotator "Salov,V"]
[PlyCount "63"]
[EventDate "1998.01.16"]
[EventType "tourn"]
[EventRounds "13"]
[EventCountry "NED"]
[EventCategory "17"]
[SourceTitle "CBM 063"]
[Source "ChessBase"]
[SourceDate "1998.03.26"]
[SourceVersion "1"]
[SourceVersionDate "1998.03.26"]
[SourceQuality "1"]

1. d4 {Baburin Avrukh,B Khalifman Ftacnik Tyomkin,D} Nf6 2. c4 e6 3. Nf3 b6 4.
g3 Ba6 5. Nbd2 Bb7 6. Bg2 c5 7. e4 cxd4 8. O-O {Baburin: A modern move. In the
early 90s White relied on 8 e5 here but with mixed results. Khalifman: Ein
seit längerem bekannte Verbesserung gegenüber anderen Zügen.} (8. e5 {Ftacnik}
Ne4 $1 9. O-O Nxd2 10. Bxd2 Bxf3 11. Qxf3 Nc6 12. Qxc6 dxc6 13. Bxc6+ Qd7 14.
Bxd7+ Kxd7 $10) (8. Nxd4 {Ftacnik} Bc5 $1 9. Nb5 a6 10. Nc3 Qc7 11. O-O Be7 $10
) 8... d6 (8... Nxe4 $6 {Ftacnik} 9. Ne5 d5 10. cxd5 exd5 11. Qa4+ Nd7 12. Re1
$36) (8... Nc6 $6 {Ftacnik} 9. e5 Ng4 10. h3 Nh6 11. Ne4 $16) (8... Bc5 $6 {
Ftacnik} 9. e5 Ne4 10. Ng5 $1 Nc3 11. bxc3 Bxg2 12. Kxg2 Qxg5 13. Nf3 $16) 9.
Nxd4 {Khalifman: Diese Stellung hatte Karpov schon auf dem Brett. Fürchtete er
nun eine Verbesserung gegenüber der Spielweise von Ivantschuk?} a6 $5 $146 (
9... Qd7 10. a4 $1 (10. Re1 {Ftacnik} Be7 11. Nb1 (11. b3 O-O 12. Bb2 Nc6 13.
N2f3 a6 14. Nxc6 Qxc6 $1 15. Nd4 Qc7 $10) 11... Nc6 12. Nc3 Nxd4 13. Qxd4 O-O
14. b3 (14. h3 Rab8 15. Be3 a6 16. a4 Ba8 $132 {/\Qc7}) 14... Rfd8 15. Bb2 Rab8
16. h3 Ba8 $10 17. g4 $6 {><f4} h6 18. a4 (18. f4 $2 d5 $17 {/\Bc5}) 18... a6
19. Ba3 Qc8 {0-1 Ivanchuk,V-Karpov,A/Linares 1994/ (30)}) (10. b3 Be7 (10...
Nc6 11. Nb5 Be7 12. Bb2 O-O 13. Re1 Rad8 14. Nf1 Qc8 15. Ne3 Qb8 16. Nc3 Rfe8
17. Qe2 a6 18. Rad1 Na7 19. a4 Qa8 20. Rd2 Nc6 21. Qd1 Ne5 22. Nc2 Ned7 {
Piket,J-Lautier,J/Tilburg Fontys 1997/0-1 (47)}) 11. Bb2 O-O 12. Qe2 Nc6 13. f4
Nxd4 14. Bxd4 Bc6 15. a4 Rfd8 16. Kh1 Qe8 17. Rae1 Nd7 18. Ba1 Rac8 19. Nf3 Ba8
20. g4 Bf6 21. Bxf6 Nxf6 22. Nd4 e5 {(59) 0-1 Ivanov,M-Tunik,G/Vladivostok
Zaitsev 1995/ (28)}) 10... Nc6 (10... Be7 11. a5 O-O 12. Re1 Na6 13. b3 bxa5
14. Rxa5 Nc5 15. Qc2 Bd8 16. Ra2 Bb6 17. Bb2 a5 18. Raa1 e5 19. Nf5 Nfxe4 20.
Bh3 Nxd2 21. Qxd2 Qd8 {1-0 Yermolinsky,A-Ivanov,A/USA-ch G1 1997/ (30)}) 11.
Nxc6 Bxc6 12. b4 Be7 13. b5 $14 {Browne-Ivanov,A, USA(ch)1997}) (9... Nbd7 {
Ftacnik} 10. b3 (10. Re1 Qc8 (10... Be7 11. e5 Bxg2 12. exf6 Bxf6 13. Nxe6 fxe6
14. Kxg2 Nc5 15. Ne4 $14) (10... Qc7 $5 11. a4 (11. Nb5 Qb8) 11... a6 12. a5
Be7 13. N2b3 Rc8 14. axb6 Nxb6 15. Na5 Ba8 16. b3 Nfd7 17. Be3 O-O 18. Rc1 Rfe8
19. Re2 {1-0 Huzman,A-Har Zvi,R/ISR-chT 1996/ (35)}) (10... e5 11. Nb5 a6 12.
Nc3 Be7 13. Nf1 Rc8 14. Ne3 O-O 15. a4 g6 16. b3 Nc5 17. Qc2 Re8 18. Ba3 Ne6
19. Qb1 Bf8 20. Rd1 {1/2-1/2 Cramling,P-Chiburdanidze,M/Groningen ctW 1997 (35)
}) 11. a4 $1 a6 (11... Be7 12. a5 bxa5 13. N2b3 Qxc4 $2 14. Nxa5 Qa6 15. e5
Bxg2 16. exf6 $16) 12. a5 e5 (12... bxa5 13. N2b3 Nc5 14. Nxc5 Qxc5 15. Nb3 $1
Qxc4 $2 16. Nxa5 Qb5 17. Nxb7 Qxb7 18. e5 Nd5 19. exd6 $18) 13. Nf5 (13. N4b3
b5 14. cxb5 axb5 15. Nb1 $5 Be7 16. Nc3 b4 17. Nd5 Nxd5 18. exd5 $16) 13... g6
14. Ne3 Be7 15. axb6 O-O 16. b4 Bd8 {1-0 Oll,L-Kengis,E/Riga zt 1995/ (40)}) (
10. a4 a6 11. a5 bxa5 12. N2b3 a4 13. Rxa4 Rc8 14. Na5 Ba8 15. Re1 Be7 16. Ndc6
$6 Rxc6 17. Nxc6 Bxc6 18. Rxa6 Qc8 19. Rxc6 Qxc6 20. e5 Qxc4 21. exf6 Nxf6 22.
Bf1 Qc6 {Kohler,T-Siegel,G/Berliner Sommer 1997/0-1 (87)}) 10... Qc7 11. Bb2
Be7 12. f4 (12. Qe2 O-O 13. Rae1 {1/2-1/2 Shvidler,E-Csom,I/Tel Aviv-B 1989/})
12... O-O 13. f5 e5 14. Nb5 Qc5+ 15. Kh1 a6 16. Nc3 b5 17. g4 h6 18. Qe2 bxc4
19. Nxc4 Nb6 20. Ne3 d5 21. Nexd5 Nbxd5 22. exd5 Nxd5 23. Nxd5 {1/2-1/2
Shulman,Y-Budnikov,A/Vladivostok 1994/}) (9... Be7 {Ftacnik} 10. Qa4+ $5 Qd7
11. Qxd7+ Nbxd7 $2 12. Nb5 O-O 13. e5 Bxg2 14. exf6 Bxf1 15. fxe7 $16) (9...
Qc7 {Ftacnik} 10. b3 Be7 11. Bb2 O-O 12. f4 a6 13. g4 Nc6 14. Nc2 Nd7 15. g5 b5
16. Qh5 bxc4 17. Rf3 Rfe8 18. Nxc4 d5 19. Rh3 Nf8 20. f5 exf5 21. exd5 Bc5+ 22.
Kh1 Ne7 23. Rd1 Rad8 24. Be5 {1-0 Ftacnik,L-Van den Doel,E/Sonnevanck 1995/ 
(40)}) 10. Re1 Qc7 (10... Nbd7 11. e5 $1 Bxg2 12. exf6 Bb7 (12... Qxf6 13. Nxe6
fxe6 14. Kxg2 Nc5 15. Ne4 Nxe4 16. Rxe4 Be7 17. Rf4 Qe5 18. Be3 Rf8 19. Bd4 Qa5
20. Rxf8+ Bxf8 21. Qg4 {1-0 Browne,W-Burger,K/World op 1990/ (34)}) 13. fxg7
Bxg7 14. Ne4 Bxe4 15. Rxe4 O-O 16. Rg4 $14) 11. a4 $1 $14 {White's plan of
advancing a pawn is well known, but usually less effective in similar
positions. Black is lagging behind in development and white c4 pawn is safely
protected. It's highly desirable for White to exchange the b6-pawn - then the
Hedgehog will lose one of its needles. And a hedgehog without some needles is
not that safe! Khalifman: Wenn Weiß zu a4-a5 kommt steht er gut.} (11. b3 {
Ftacnik} Be7 12. Bb2 O-O 13. Rc1 Nbd7 14. Nf1 Rfe8 15. Rc2 Rac8 16. f3 Qb8 17.
Bh3 Bf8 18. Ne3 Ba8 19. Bf1 Qb7 20. Rd2 {1/2-1/2 Nemet,I-Summermatter,D/Biel
SWZ-ch (05)/1989}) 11... Nc6 (11... Nbd7 {Ftacnik} 12. a5 Be7 13. N2b3 Rd8 14.
axb6 Nxb6 15. Na5 Ba8 {Then White started an interesting attack:} 16. Nac6 Bxc6
17. Nxc6 Qxc6 18. e5 Qxc4 19. exf6 Bxf6 20. Be3 Nc8 21. Rc1 Qb4 22. Bd2 Qd4 23.
Bc6+ Ke7 24. Re4 {Avrukh,B} Qd3 {[%tqu "En","","","","c1c3","",10,"e4b4",
"Boensch,U-Chuchelov,V/Berliner Sommer sp 1996/1-0(32)",0]} 25. Rc3 $1 (25. Rb4
{Boensch,U-Chuchelov,V/Berliner Sommer sp 1996/1-0(32)}) 25... Bxc3 26. Bg5+ f6
27. Qxd3 $18) 12. Nxc6 {Khalifman: Logisch} Bxc6 (12... Qxc6 {Ftacnik} 13. b4
Be7 14. Bb2 $14) 13. a5 Rb8 $6 {Avrukh: This move let's white to develop an
initiative using his@. Khalifman: Vermutlich hat Karpov bei der ganzen Sache
das starke Turmmanöver im 15.Zug übersehen.} (13... bxa5 $142 14. Nb3 Rb8 (
14... a4 {Ftacnik} 15. Nd4 $16) 15. Nxa5 Ba8 $14) (13... Be7 $142 {Avrukh,B}
14. Nb3 (14. axb6 Qxb6 15. Re3 O-O) 14... Rb8 $13 (14... O-O 15. axb6 Qxb6 16.
Na5 {[%csl Rc6]})) 14. axb6 Qxb6 (14... Rxb6 {Ftacnik} 15. b3 (15. c5 dxc5 16.
Nc4 Rb4 17. Bf4 Qd7 $13) 15... Be7 16. Bb2 $16) 15. Re3 $1 $16 {Baburin: This
excellent rook lift highlights the weakness of the a-pawn. Khalifman: Sehr
stark gespielt.} Nd7 $8 (15... Be7 $2 {Ftacnik} 16. Rb3 Qc7 17. Rxb8+ Qxb8 18.
e5 Bxg2 19. exf6 $18) 16. Rb3 Qa7 (16... Qc7 {Ftacnik} 17. Rxa6 Rxb3 18. Nxb3
Qb7 19. Ra1 Bxe4 20. Na5 Qa8 21. Bxe4 Qxe4 22. Bf4 $16) 17. Rba3 (17. Rxb8+
Nxb8 18. b4 Be7 (18... Qb6 19. b5 $16) (18... Qb6 {Avrukh,B}) 19. b5 Bb7 20.
Nb3 O-O 21. Be3 Qa8 22. c5 $16) 17... Bb7 (17... Nc5 {Ftacnik} 18. Nb3 $1 (18.
Rb1 {[%cal Gb2b4,Yb4b5]} Rb4) 18... Nxb3 (18... Nxe4 19. Qe2 f5 20. Rxa6 $16)
19. Rxb3 Rxb3 20. Qxb3 Be7 21. Qa2 $16 (21. Qa2 $1 {Avrukh,B} Bb7 $140 22. Qa4+
)) 18. b4 Qb6 (18... Be7 {Ftacnik} 19. Bb2 (19. Qa4 Bf6 20. R1a2 Qb6 $14) (19.
b5 Bc8 20. Bb2 $14) 19... O-O 20. Nb3 $14) 19. Qa4 $1 {Weiß steht auf Gewinn.}
(19. b5 $5 axb5 20. cxb5 Qxb5 (20... d5 $2 21. exd5 Bxa3 22. Bxa3 Bxd5 23. Qg4
$40) 21. Rb1 Qc6 (21... Qc5 $5 22. Rab3 Qc7 23. Ba3 Be7 24. Nc4 Qxc4 25. Rxb7
Rxb7 26. Rxb7 Qa6 27. Qb3 $44) 22. Bf1 Be7 23. Bb5 Qc7 $13) 19... Be7 20. Bb2
Bf6 $2 (20... e5 $16) (20... Rg8 {Ftacnik} 21. Rd3 $16) 21. e5 $1 {Avrukh:
decisive breakthrough.} ({Baburin: Also interesting is} 21. Bxf6 {Baburin} gxf6
22. Rd3 {but 21 e5! is even more energetic.}) 21... Bxe5 (21... dxe5 22. c5 (
22. Rd3 $18 {[%csl Rd7][%cal Gc4c5] Avrukh,B}) 22... Qc7 23. Bxb7 Rxb7 24. c6
Nb6 25. Qxa6 Qxc6 26. Nc4 Rb8 27. Nxb6 Rxb6 28. Qa8+ Bd8 (28... Qxa8 {Baburin}
29. Rxa8+ Bd8 30. Rxd8+ Kxd8 31. Ra8+ Kd7 32. Rxh8 $18) 29. Rd1 $18) (21...
Bxg2 {Ftacnik} 22. exf6 Bc6 23. fxg7 Rg8 24. Qxa6 Qxb4 25. Qxc6 Qxb2 26. Rb1
$18) 22. c5 Qc7 (22... Qb5 23. Qxb5 axb5 24. Bxe5 $18) (22... dxc5 {Ftacnik}
23. Bxe5 $18) 23. Bxe5 dxe5 (23... Bxg2 {Ftacnik} 24. Bxd6 Qb7 25. Bxb8 $18)
24. Bxb7 Rxb7 (24... Qxb7 {Ftacnik} 25. c6 $18) 25. c6 Nb6 26. Qxa6 Qxc6 (26...
Rb8 27. Qa7 $18 (27. Qa7 {Ftacnik} Qc8 28. Ne4 O-O 29. c7 Rb7 30. Nd6 $1 Rxa7
31. Rxa7 Qd7 32. c8=Q $18)) 27. Nc4 $1 $18 {Avrukh: winning Nb6.} Rb8 (27...
Qc7 28. Qxb7 $18) (27... Qxc4 {Ftacnik} 28. Qxb7 Nc8 29. Rd3 O-O 30. Rd7 $18) (
27... O-O {Ftacnik} 28. Na5 $18) 28. Nxb6 O-O (28... Qxb6 {Ftacnik} 29. Qxb6
Rxb6 30. Ra8+ $18) (28... Rxb6 {Avrukh,B} 29. Qa8+) 29. Nc4 Qe4 (29... Qxa6 {
Ftacnik} 30. Rxa6 Rxb4 31. Nxe5 $18) 30. Re3 Qd5 31. Nxe5 Rfc8 32. Qd3 (32. Qd3
{Ftacnik} Rxb4 33. Qxd5 exd5 34. Nc6 $1 $18) 1-0

[Event "Interzonal-15"]
[Site "Manila"]
[Date "1990.??.??"]
[Round "4"]
[White "Salov, Valery"]
[Black "Chandler, Murray G"]
[Result "1/2-1/2"]
[WhiteElo "2655"]
[BlackElo "2560"]
[Annotator "Salov,V"]
[PlyCount "88"]
[EventDate "1990.06.29"]
[EventType "swiss"]
[EventRounds "13"]
[EventCountry "PHI"]
[SourceTitle "CBM 019"]
[Source "ChessBase"]
[SourceDate "1990.12.01"]
[SourceVersion "1"]
[SourceVersionDate "1990.12.01"]
[SourceQuality "1"]

1. d4 Nf6 2. c4 e6 3. Nf3 b6 4. g3 Ba6 5. Qa4 Bb7 6. Bg2 c5 7. dxc5 bxc5 8. O-O
Be7 9. Nc3 O-O 10. Rd1 Qb6 11. Bf4 d6 12. Rd2 Nc6 $1 $10 13. Qb5 $5 (13. Qd1) (
13. Bxd6 $2 Bxd6 14. Rxd6 Qxb2 15. Rb1 Qxc3 16. Rxb7 Nd4 $1 {/\} 17. Nxd4 $2
Qe1+ 18. Bf1 Ng4 $19) 13... Qc7 $1 14. Rad1 a6 15. Qa4 (15. Qxc5 $4 e5 $19)
15... Nd4 16. Ne1 Bxg2 17. Nxg2 Rfb8 18. b3 h6 19. f3 Nd7 20. Qa3 Qc6 21. Kf2
$6 (21. Qa4 $10) 21... Nb6 22. Be3 Nf5 23. Rd3 Rd8 24. Bc1 d5 $1 25. e4 Nd4 26.
exd5 exd5 27. Ne3 $6 (27. cxd5 $15 {>=}) 27... dxc4 $1 (27... Qf6 28. Nexd5
Nxd5 29. Nxd5 Rxd5 30. cxd5 c4 31. Qxe7 $1 Qxe7 32. Rxd4 $44) 28. Nxc4 Nxc4 29.
bxc4 Qe6 $1 30. Be3 Qh3 $2 (30... Qxc4 31. Qa4 Qe6 $17) 31. Bxd4 $10 Qxh2+ 32.
Kf1 Rxd4 (32... cxd4 33. Qxe7 Re8 34. Qh4 $1 $10) 33. Rxd4 cxd4 34. Qxe7 Qh1+
35. Kf2 Qh2+ 36. Kf1 dxc3 37. Rd8+ Rxd8 (37... Kh7 38. Qe4+ $1 g6 39. Qxa8 c2
40. Rh8+ Kg7 41. Qf8+ Kf6 $10) 38. Qxd8+ Kh7 39. Qd3+ g6 40. Qxc3 Qxa2 41. c5
Qb1+ 42. Kg2 Qa2+ 43. Kf1 Qb1+ 44. Kg2 Qa2+ 1/2-1/2